000 00886nam a2200241Ia 4500
003 OSt
005 20220923211644.0
006 a|||||r|||| 00| 0
007 ta
008 220922b |||||||| |||| 00| 0 hin d
024 _a40,260
037 _cTextual
040 _aARTS
_cARTS
_bhin
041 _2hin
_ahin
082 _aO15,1g(P:1), 152L8
100 _aअवस्थी, बच्चूलाल
_9156292
245 0 _aभारतीय काव्य समीक्षा में ध्वनिसिद्वान्त
246 _aBhāratīya kāvya samīkṣhā mean dhvanisidvānta
260 _aदिल्ली
_b मैकमिलन कंपनी
_c1978
650 _aसंस्कृत साहित्य
942 _hO15,1g(P:1), 152L8
_cTEXL
_2CC
999 _c302235
_d302235